The Upside Down Quiz Stats

Quiz Updated Oct 19, 2016

Challenge
Share
Tweet
Embed
Score 0/20 Timer 08:00
0 Plays Today
Clue / ǝnlƆ Answer / ɹǝʍsu∀ % Correct
Between 9 and 12 million of these creatures that sleep upside down live in Kentucky's Mammoth CaveBats
86.5%
In a standard deck of playing cards,
this is the only suit where the Ace card looks the same, upside down or not
Diamonds
80.3%
The most popular version of 'Upside Down Cake' is topped with rings from this tropical fruitPineapple
78.2%
Most common language where written interrogative sentences
are proceded with '¿' - an upside down question mark
Spanish
74.5%
This creature named for a 'deadly sin' sleeps hanging upside down from treesSloth
67.7%
This British band named an album '5317704',
which when viewed upside down on a calculator reveals their name
hOLLIES
66.6%
Legally, the US flag may only be flown upside down when it is used as this kind of signalDistress signal
65.8%
Either of 2 US States whose borders look the same when they are upside down
on a Mercator projection map
Colorado / Wyoming
62.9%
This former member of The Supremes had a #1 song with 'Upside Down' in 1980.Diana Ross
62.2%
According to some, this apostle, who denied Jesus three times,
was himself crucified upside down
Simon Peter
56.8%
Clue / ǝnlƆ Answer / ɹǝʍsu∀ % Correct
The 'Inverted Jenny' is one of these items that was misprinted with an upside down plane.
Originally sold for 24 cents, it now sells for $825,000
Postage stamp
42%
Matisse's painting 'Le Bateau' hung upside down for 47 days
at this public New York City art gallery, known by a 4-letter acronym
Museum of Modern Art
38.7%
In films from 1972 and 2006, this fictional ocean liner was knocked upside down by a giant wavePoseidon
37.6%
A late night talk show hosted by this man was intentionally broadcast upside down when it was re-runDavid Letterman
37.5%
The 20th Anniversary DVD cover of this Cary Elwes-Robin Wright film has an ambigram title
- - it reads the same right-side up as upside down
The Princess Bride
36.2%
Mike Leigh directed this 1999 film about Gilbert and Sullivan's problems writing 'The Mikado',
whose title is a synonym of 'upside down'
Topsy-Turvy
20.4%
If you look at it a 'long time', the 'flying saucer' on the cover of this band's 1976 self-titled album
is actually an upside down guitar
Boston
19.2%
Upside down alphabet #1:
If you write out the alphabet in capital letters, then put a mirror below,
what letters (in alphabetical order) still look basically the same?
BCDEHIKOX
15.3%
Upside down alphabet #2:
If instead, you stick a pin in the center of each capital letter and rotate it 180°,
what letters still essentially look the same?
HINOSXZ
12.5%
Contrary to its usage, this term, also a song title for Abba, The Go-Go's and Tears for Fears,
literally means right-side up!
Head Over Heels
12%

You're not logged in!

Compare scores with friends on all Sporcle quizzes.
Join for Free
OR
Log In

You Might Also Like...

Show Comments

Extras

Top Quizzes Today


Score Distribution

Your Account Isn't Verified!

In order to create a playlist on Sporcle, you need to verify the email address you used during registration. Go to your Sporcle Settings to finish the process.

Report this User

Report this user for behavior that violates our Community Guidelines.

Details: